| 000 | 00497cam a2200205ua 4500 | ||
|---|---|---|---|
| 001 | 5719 | ||
| 005 | 20260515113928.0 | ||
| 008 | 131025n ii |||gr||||Z||||||asm | ||
| 020 | _a81-7379-118-1 | ||
| 040 | _cMAIN | ||
| 082 | _a954 | ||
| 245 |
_aBharat Buranji _cby Prafulla Kr.Barua |
||
| 250 | _a3rd Rev.Ed. | ||
| 260 |
_aDibrugarh: _bBanalata, _c2007. |
||
| 300 | _a274p. | ||
| 653 | _aSouth Asia India | ||
| 653 | _aBharat Buranji | ||
| 700 |
_aBarua,Prafulla Kr., _eAuthor. |
||
| 942 | _cBK | ||
| 999 |
_c4873 _d4873 |
||